[Event "33. Seebach-Open"]
[Site "Grossenseebach"]
[Date "2024.05.31"]
[Round "3.7"]
[White "Martin Fernandez, Rafael"]
[Black "Boehme, Markus"]
[Result "0-1"]
[WhiteElo "1991"]
[BlackElo "2196"]
[PlyCount "94"]
[EventDate "2024.??.??"]
[WhiteTeam "SC Erlangen 48/88"]
[BlackTeam "SC Uttenreuth e.V."]

1. c4 e6 2. d4 d5 3. Nc3 Nf6 4. cxd5 exd5 5. Bg5 Be7 6. e3 O-O 7. Bd3 Re8 8.
Nf3 c6 9. O-O h6 10. Bf4 Bg4 11. Qb3 Qb6 12. Qxb6 axb6 13. Ne5 Be6 14. h3 Nbd7
15. Rfc1 Nxe5 16. Bxe5 Nd7 17. Bh2 Rec8 18. Be2 b5 19. a3 Nb6 20. b4 Ra7 21.
Rc2 Bxb4 22. Bc7 Nc4 23. Bxc4 bxc4 24. Bb6 Rxa3 25. Rxa3 Bxa3 26. e4 Bb4 27.
exd5 cxd5 28. Na4 Bf5 29. Rc1 Bd2 30. Ra1 Ra8 31. Ra2 Bb4 32. Nc3 Rxa2 33. Nxa2
Bd2 34. Bc5 Bb1 35. Bb4 Bxb4 36. Nxb4 c3 37. Kf1 c2 38. Nd3 Ba2 39. Ke1 Bc4 40.
Nc1 g5 41. g3 Kg7 42. Kd2 Kf6 43. Kxc2 Kf5 44. f3 h5 45. Nd3 Bxd3+ 46. Kxd3 h4
47. f4 hxg3 0-1

[Event "33. Seebach-Open"]
[Site "Grossenseebach"]
[Date "2024.05.31"]
[Round "3.8"]
[White "Narr, Kevin"]
[Black "Seibold, Hubert"]
[Result "1-0"]
[WhiteElo "2131"]
[BlackElo "1996"]
[PlyCount "75"]
[EventDate "2024.??.??"]
[WhiteTeam "SG Donautal Tuttlingen"]
[BlackTeam "SK Zirndorf e.V."]

1. d4 d5 2. Nf3 Nf6 3. Bf4 c5 4. e3 Nc6 5. Nbd2 e6 6. c3 Qb6 7. Rb1 Bd7 8. Bd3
Rc8 9. h4 cxd4 10. exd4 Na5 11. Ne5 Bb5 12. Bc2 Nd7 13. b4 Nc4 14. Ndxc4 dxc4
15. a4 Nxe5 16. Bxe5 Bc6 17. Qg4 Qd8 18. h5 h6 19. O-O Rg8 20. f4 Bd5 21. Rbe1
Kd7 22. a5 Bd6 23. Bh7 Bxe5 24. Rxe5 Kc7 25. Bxg8 Qxg8 26. f5 Kb8 27. b5 Rd8
28. Qg3 Ka8 29. b6 exf5 30. Rfxf5 f6 31. Rxd5 Rxd5 32. Rxd5 Qxd5 33. Qc7 axb6
34. axb6 Qg8 35. Qe7 Kb8 36. Qd6+ Ka8 37. Qa3+ Kb8 38. Qa7+ 1-0

[Event "33. Seebach-Open"]
[Site "Grossenseebach"]
[Date "2024.05.31"]
[Round "3.9"]
[White "Quaschner, Manuel"]
[Black "Wachter, Michael"]
[Result "1-0"]
[WhiteElo "2091"]
[BlackElo "1779"]
[PlyCount "69"]
[EventDate "2024.??.??"]
[WhiteTeam "FSV Großenseebach"]
[BlackTeam "SC 1868 Bamberg"]

1. e4 e5 2. Nf3 Nc6 3. Bc4 Bc5 4. c3 Nf6 5. d3 d6 6. Nbd2 a6 7. Bb3 Be6 8. h3
Bxb3 9. axb3 O-O 10. Nf1 d5 11. Qe2 h6 12. g4 dxe4 13. dxe4 Qd6 14. Ng3 Rfd8
15. g5 hxg5 16. Bxg5 Qe6 17. Rg1 Bf8 18. Nh4 Ne7 19. Ngf5 Nxf5 20. Nxf5 Rd7 21.
b4 Rad8 22. h4 Qc6 23. Ng3 Qb6 24. Kf1 Qd6 25. h5 Qe6 26. Kg2 Qc6 27. Kh1 Qe6
28. Rg2 Re8 29. Bxf6 Qxf6 30. Nf5 Qe6 31. Rag1 f6 32. Rg6 Kh8 33. Qg4 Qg8 34.
Rh6+ gxh6 35. Qxg8# 1-0

[Event "33. Seebach-Open"]
[Site "Grossenseebach"]
[Date "2024.05.31"]
[Round "3.10"]
[White "Meulner, Fabian"]
[Black "Heppert, Lars"]
[Result "1/2-1/2"]
[WhiteElo "2085"]
[BlackElo "1910"]
[PlyCount "40"]
[EventDate "2024.??.??"]
[WhiteTeam "SC JÄKLECHEMIE Talente Franken e"]
[BlackTeam "SK Neuburg"]

1. d4 d5 2. c4 e6 3. Nc3 Be7 4. Nf3 Nf6 5. Bg5 Nbd7 6. cxd5 Nxd5 7. Bxe7 Qxe7
8. e3 c5 9. Nxd5 exd5 10. dxc5 O-O 11. Be2 Nxc5 12. O-O Be6 13. Rc1 Rac8 14.
Qd4 b6 15. b4 Ne4 16. Ba6 Rc7 17. Qb2 Bc8 18. Rxc7 Qxc7 19. Rc1 Qb8 20. Bd3 Be6
1/2-1/2

[Event "33. Seebach-Open"]
[Site "Grossenseebach"]
[Date "2024.05.31"]
[Round "3.11"]
[White "Saathoff, Richard"]
[Black "Thurn, Stephan"]
[Result "0-1"]
[WhiteElo "2057"]
[BlackElo "1761"]
[PlyCount "46"]
[EventDate "2024.??.??"]
[WhiteTeam "SC Schwarz-Weiß Nürnberg Süd e.V"]
[BlackTeam "TSV Kirchehrenbach"]

1. e4 e5 2. f4 exf4 3. Nf3 d5 4. exd5 Nf6 5. Bb5+ Bd7 6. Bxd7+ Nbxd7 7. c4 Be7
8. O-O O-O 9. d4 Nh5 10. Ne5 Nxe5 11. dxe5 Bc5+ 12. Kh1 Qh4 13. Bxf4 g5 14. Nc3
gxf4 15. Ne4 Ng3+ 16. Nxg3 fxg3 17. h3 Bf2 18. Qe2 Rae8 19. c5 Qg5 20. Rac1
Rxe5 21. Qb5 Rfe8 22. Qxb7 Qxc1 23. Rxc1 Re1+ 0-1

[Event "33. Seebach-Open"]
[Site "Grossenseebach"]
[Date "2024.05.31"]
[Round "3.12"]
[White "Bomert, Christian"]
[Black "Deschler, Arne"]
[Result "0-1"]
[WhiteElo "1824"]
[BlackElo "2052"]
[PlyCount "82"]
[EventDate "2024.??.??"]
[WhiteTeam "HSK Lister Turm"]
[BlackTeam "SC Noris-Tarrasch Nürnberg 1873"]

1. e4 c6 2. Nc3 d5 3. Nf3 Bg4 4. h3 Bxf3 5. Qxf3 e6 6. exd5 cxd5 7. d4 Nc6 8.
Ne2 Nb4 9. Kd1 Nf6 10. c3 Nc6 11. Ng3 Be7 12. Bf4 Qb6 13. Rb1 Qa5 14. Ra1 Rc8
15. Bd3 O-O 16. Re1 Rfe8 17. Ke2 Qb6 18. Rab1 Bb4 19. Kf1 Bf8 20. Re2 Qd8 21.
Bg5 h6 22. Bxf6 Qxf6 23. Qxf6 gxf6 24. Nh5 Bg7 25. Nxg7 Kxg7 26. f4 Ne7 27. f5
Nxf5 28. Bxf5 exf5 29. Rbe1 Re4 30. Kf2 Rce8 31. Kf3 Kg6 32. Re3 Kg5 33. R3e2
h5 34. Re3 h4 35. Rxe4 fxe4+ 36. Ke3 f5 37. Rf1 Re6 38. Rf2 Ra6 39. a3 Rb6 40.
a4 a5 41. c4 f4+ 0-1

[Event "33. Seebach-Open"]
[Site "Grossenseebach"]
[Date "2024.05.31"]
[Round "3.13"]
[White "Walter, Manfred"]
[Black "Ratushnyi, Viktor"]
[Result "0-1"]
[WhiteElo "1685"]
[BlackElo "2025"]
[PlyCount "46"]
[EventDate "2024.??.??"]
[WhiteTeam "SV Lauf a.d.P."]
[BlackTeam "SC Schwarz-Weiß Nürnberg Süd e.V"]

1. Nf3 Nf6 2. g3 g6 3. b3 Bg7 4. Bb2 O-O 5. Bg2 $18 d6 6. d4 c6 7. O-O Bf5 8.
c4 Ne4 9. Nh4 d5 10. Nxf5 gxf5 11. cxd5 cxd5 12. Nc3 e6 13. Nxe4 fxe4 14. Qd2
Nc6 15. Rac1 Qd6 16. Rfd1 Rfc8 17. f3 exf3 18. Bxf3 a5 19. e4 a4 20. exd5 exd5
21. Rc5 axb3 22. axb3 Ne7 23. Rdc1 Bh6 0-1

[Event "33. Seebach-Open"]
[Site "Grossenseebach"]
[Date "2024.05.31"]
[Round "3.14"]
[White "Isbilir, Levin"]
[Black "Averkova, Mariia"]
[Result "1-0"]
[WhiteElo "2024"]
[BlackElo "1615"]
[PlyCount "43"]
[EventDate "2024.??.??"]
[WhiteTeam "SC Erlangen 48/88"]
[BlackTeam "SC 1868 Bamberg"]

1. e4 c6 2. c4 e6 3. d4 Bb4+ 4. Bd2 Bxd2+ 5. Qxd2 d5 6. cxd5 exd5 7. e5 Bf5 8.
Nf3 Ne7 9. Bd3 O-O 10. O-O Re8 11. Nc3 h6 12. Nh4 Bxd3 13. Qxd3 Nd7 14. f4 Qb6
15. Kh1 Qd8 16. f5 Nc8 17. f6 g5 18. Nf5 Re6 19. Nxh6+ Kf8 20. Qh7 Rxf6 21.
exf6 Nd6 22. Qg8# 1-0

[Event "33. Seebach-Open"]
[Site "Grossenseebach"]
[Date "2024.05.31"]
[Round "3.15"]
[White "Liepold, Stefan"]
[Black "Kuhmann, Silas"]
[Result "1-0"]
[WhiteElo "2201"]
[BlackElo "1498"]
[PlyCount "75"]
[EventDate "2024.??.??"]
[WhiteTeam "SC Erlangen 48/88"]
[BlackTeam "TSV Kirchehrenbach"]

1. e4 c5 2. Nf3 Nc6 3. d4 cxd4 4. Nxd4 e5 5. Nb5 d6 6. N1c3 a6 7. Na3 b5 8. Nd5
Nf6 9. Bg5 Be7 10. Bxf6 Bxf6 11. c3 O-O 12. Nc2 Bb7 13. a4 bxa4 14. Rxa4 Bg5
15. Bc4 Ne7 16. Nxe7+ Qxe7 17. Bd5 Bxd5 18. Qxd5 Kh8 19. O-O Ra7 20. Nb4 Qe6
21. Rfa1 Qxd5 22. Nxd5 f5 23. exf5 Raf7 24. h4 Bd8 25. Ne3 g6 26. Rxa6 Bxh4 27.
Rxd6 gxf5 28. Re6 e4 29. Nd5 Rg8 30. Ra5 Rfg7 31. Nf4 Rd7 32. Rd5 Ra7 33. g3
Rag7 34. Kh2 Bg5 35. Rxf5 Bxf4 36. Rxf4 Rg5 37. Rexe4 Ra5 38. Rf7 1-0

[Event "33. Seebach-Open"]
[Site "Grossenseebach"]
[Date "2024.05.31"]
[Round "3.16"]
[White "Vaas, Andreas"]
[Black "Seidel, Peter"]
[Result "0-1"]
[WhiteElo "1804"]
[BlackElo "2124"]
[PlyCount "42"]
[EventDate "2024.??.??"]
[WhiteTeam "SK Dinkelsbühl e.V."]
[BlackTeam "SC Höchstadt/Aisch"]

1. b3 e5 2. Bb2 Nc6 3. c4 Nf6 4. Nc3 Bc5 5. e3 O-O 6. a3 Re8 7. b4 Bf8 8. g3 e4
9. Bg2 Ne5 10. Qc2 Nd3+ 11. Ke2 Nxb2 12. Qxb2 d5 13. cxd5 $18 c6 14. Qc2 cxd5
15. d4 Bd7 16. Rc1 a5 17. Bh3 axb4 18. axb4 Bxb4 19. Qb3 Bxc3 20. Rxc3 Ra1 21.
Bg2 Qa5 0-1

[Event "33. Seebach-Open"]
[Site "Grossenseebach"]
[Date "2024.05.31"]
[Round "3.17"]
[White "Poelsterl, Hans"]
[Black "Piotraschke, Jens"]
[Result "0-1"]
[WhiteElo "1798"]
[BlackElo "2064"]
[PlyCount "86"]
[EventDate "2024.??.??"]
[WhiteTeam "SK Nürnberg 1911 e.V."]
[BlackTeam "TuS Coswig 1920"]

1. Nf3 Nf6 2. g3 d5 3. Bg2 e6 4. d3 c5 5. O-O Nc6 6. Nbd2 b6 7. e4 Bb7 8. Re1
Be7 9. e5 Nd7 10. Nf1 Qc7 11. Qe2 h6 12. h4 O-O-O 13. Bf4 Rdg8 14. h5 g5 15.
hxg6 Rxg6 16. Ne3 h5 17. Nxd5 exd5 18. e6 Rxe6 19. Qxe6 fxe6 20. Bxc7 Kxc7 21.
Rxe6 Bf6 22. c3 Nd8 23. Re3 Nf7 24. Rc1 Nd6 25. Re6 Rf8 26. d4 Ne4 27. Ne5 Ng5
28. Nxd7 Kxd7 29. Re2 cxd4 30. cxd4 Ne4 31. Rd1 Kd6 32. Bh3 Bc8 33. Kg2 Bxh3+
34. Kxh3 Rc8 35. f3 Ng5+ 36. Kg2 Ne6 37. b3 Nxd4 38. Red2 Rc2 39. Rxc2 Nxc2 40.
Rh1 d4 41. Kf2 d3 42. Rxh5 Bd4+ 43. Kg2 d2 0-1

[Event "33. Seebach-Open"]
[Site "Grossenseebach"]
[Date "2024.05.31"]
[Round "3.18"]
[White "Redzepovic, Irfan"]
[Black "Kromer, Thomas"]
[Result "1-0"]
[WhiteElo "2028"]
[BlackElo "1754"]
[PlyCount "119"]
[EventDate "2024.??.??"]
[WhiteTeam "SC Schwarz-Weiß Nürnberg Süd e.V"]
[BlackTeam "SF Riedlingen"]

1. Nf3 Nf6 2. b3 d6 3. Bb2 Bg4 4. d4 c6 5. Nbd2 Qa5 6. a3 Bxf3 7. b4 Bxe2 8.
Bxe2 Qc7 9. O-O e6 10. c4 Be7 11. Bd3 Nbd7 12. Qf3 d5 13. Rac1 Bd6 14. cxd5
Nxd5 15. g3 a6 16. Ne4 Be7 17. Qg4 g6 18. Qe2 O-O 19. h4 e5 20. Bc4 N5f6 21.
Ng5 e4 22. Bxf7+ Rxf7 23. Qc4 Nd5 24. Qxd5 cxd5 25. Rxc7 Bxg5 26. hxg5 Nb6 27.
Rc5 Rd8 28. Bc1 Nc4 29. a4 b6 30. Rc6 Rd6 31. Rxd6 Nxd6 32. Bf4 Nc4 33. Re1 Rd7
34. f3 exf3 35. Kf2 b5 36. axb5 axb5 37. Re8+ Kf7 38. Rb8 Na3 39. Kxf3 Nc2 40.
Be5 Nxb4 41. Rxb5 Nc6 42. Kf4 Nd8 43. Bf6 Ne6+ 44. Ke5 Nc7 45. Rb7 Kf8 46. Bd8
Rxd8 47. Rxc7 Re8+ 48. Kxd5 Re3 49. Rxh7 Rxg3 50. Ke6 Rxg5 51. d5 Rg1 52. d6
Re1+ 53. Kd7 Kg8 54. Re7 Rc1 55. Re5 Kf8 56. Kd8 Rc2 57. d7 Kf7 58. Re1 Rf2 59.
Re7+ Kf8 60. Re8+ 1-0

[Event "33. Seebach-Open"]
[Site "Grossenseebach"]
[Date "2024.05.31"]
[Round "3.19"]
[White "Huhn, Stefan"]
[Black "Fridlin, Daniel"]
[Result "1-0"]
[WhiteElo "1999"]
[BlackElo "1741"]
[PlyCount "95"]
[EventDate "2024.??.??"]
[WhiteTeam "SV Herrenberg e.V."]
[BlackTeam "SC Noris-Tarrasch Nürnberg 1873"]

1. d4 Nf6 2. Bf4 g6 3. Nc3 Bg7 4. e4 d6 5. Qd2 O-O 6. O-O-O Nbd7 7. f3 c5 8. d5
a6 9. Bh6 b5 10. h4 b4 11. Nce2 Ne5 12. Kb1 a5 13. g4 Nc4 14. Qc1 a4 15. Bxg7
Kxg7 16. Ng3 Ne5 17. h5 Rh8 18. g5 Nxh5 19. Nxh5+ gxh5 20. Be2 Qb6 21. Rxh5 b3
22. cxb3 axb3 23. a3 Ba6 24. f4 Ng6 25. Qc3+ Kg8 26. Rf1 Bxe2 27. Nxe2 Qb5 28.
Ng3 Ra4 29. Rf3 Rd4 30. Qxb3 Qxb3 31. Rxb3 Rd1+ 32. Kc2 Re1 33. Rb8+ Nf8 34.
Kd2 Rg1 35. Nf5 e6 36. dxe6 fxe6 37. Nh6+ Kg7 38. f5 exf5 39. exf5 Nd7 40. f6+
Kg6 41. Rxh8 Kxh5 42. Rxh7 Ne5 43. Nf7+ Kg6 44. Rg7+ Kh5 45. Nxe5 dxe5 46. f7
Rf1 47. g6 Kh6 48. Rg8 1-0

[Event "33. Seebach-Open"]
[Site "Grossenseebach"]
[Date "2024.05.31"]
[Round "3.20"]
[White "Utz, Helmut"]
[Black "Bruss, Robert"]
[Result "1-0"]
[WhiteElo "1788"]
[BlackElo "1994"]
[PlyCount "137"]
[EventDate "2024.??.??"]
[WhiteTeam "SC Wassertrüdingen"]
[BlackTeam "SV Altensittenbach"]

1. d4 Nf6 2. Nf3 e6 3. c4 b6 4. g3 Ba6 5. b3 Bb4+ 6. Bd2 Be7 7. Bg2 Bb7 8. O-O
c5 9. Nc3 O-O 10. d5 exd5 11. Nh4 Ne4 12. Nf5 Bf6 13. Rc1 Bxc3 14. Bxc3 Nxc3
15. Rxc3 Qf6 16. Bxd5 Bxd5 17. Qxd5 Nc6 18. Rf3 Qe6 19. e4 Nb4 20. Qd2 g6 21.
Nd6 Nc6 22. Qd5 Nd4 23. Re3 Nc2 24. Re2 Nd4 25. Re3 h5 26. f4 Nc2 27. Re2 Nd4
28. Re3 f5 29. e5 Kg7 30. h4 Rab8 31. Qxe6 dxe6 32. a4 Rfd8 33. Kf2 Rd7 34. Rd3
Rbd8 35. Rfd1 Kf8 36. R1d2 Nc6 37. Rd1 Na5 38. Ke2 Nc6 39. Kf2 Nd4 40. R1d2 Kg7
41. Kg1 Kg8 42. Kf2 Kf8 43. Ke3 Nc6 44. Rd1 Nd4 45. R1d2 Rg7 46. Kf2 Ke7 47.
Nb5 Ke8 48. Nxd4 cxd4 49. Rxd4 Rxd4 50. Rxd4 Rc7 51. Ke3 Ke7 52. Rd6 Rb7 53.
Kd4 Rb8 54. Kc3 Rc8 55. Kb4 Rc5 56. Rd3 Ke8 57. Rd6 Ke7 58. Kc3 Ra5 59. Kd4 Rc5
60. b4 Rc8 61. c5 Rb8 62. c6 Ra8 63. Rd7+ Ke8 64. Kc4 a6 65. Rb7 Kd8 66. Rxb6
Kc7 67. Kc5 Rd8 68. Rb7+ Kc8 69. Ra7 1-0

[Event "33. Seebach-Open"]
[Site "Grossenseebach"]
[Date "2024.05.31"]
[Round "3.21"]
[White "Meulner, Klaus"]
[Black "Barsov, Vladislav"]
[Result "1/2-1/2"]
[WhiteElo "1986"]
[BlackElo "1733"]
[PlyCount "84"]
[EventDate "2024.??.??"]
[WhiteTeam "SC Schwarz-Weiß Nürnberg Süd e.V"]
[BlackTeam "SK Gräfelfing"]

1. d4 g6 2. e4 Bg7 3. c3 d6 4. Bd3 Nd7 5. Nf3 e5 6. O-O Ne7 7. Re1 O-O 8. Nbd2
f5 9. Bc4+ Kh8 10. Ng5 Rf6 11. Ne6 Rxe6 12. Bxe6 exd4 13. cxd4 Bxd4 14. Nf3 Bg7
15. Ng5 Ne5 16. exf5 N7c6 17. Bf4 h6 18. Bxe5 Nxe5 19. Nf3 Bxe6 20. fxe6 Qe7
21. Nxe5 Bxe5 22. Qf3 Rf8 23. Qh3 Kg7 24. Re2 Rf5 25. g3 Qxe6 26. Rae1 h5 27.
Qg2 c6 28. Qe4 Qxa2 29. Qd3 Qa5 30. f4 Qc5+ 31. Kg2 Bf6 32. Re6 Rd5 33. Qe2 Qb4
34. Kh3 Qd4 35. Re8 Qd3 36. Qf2 Qf5+ 37. Kg2 Rc5 38. R1e2 Qd5+ 39. Kh3 Qf5+ 40.
Kg2 Qd5+ 41. Kh3 Qf5+ 42. Kg2 Qd5+ 1/2-1/2

[Event "33. Seebach-Open"]
[Site "Grossenseebach"]
[Date "2024.05.31"]
[Round "3.22"]
[White "Tokgoez, Furkan"]
[Black "Pflaum, Stefan"]
[Result "0-1"]
[WhiteElo "1759"]
[BlackElo "1985"]
[PlyCount "102"]
[EventDate "2024.??.??"]
[WhiteTeam "SC Noris-Tarrasch Nürnberg 1873"]
[BlackTeam "SC Schachmatt Botnang"]

1. e4 e5 2. Nf3 Nc6 3. Bc4 Nf6 4. d3 Be7 5. O-O O-O 6. c3 d5 7. exd5 Nxd5 8. h3
Nb6 9. Bb3 Bf5 10. d4 exd4 11. cxd4 Qd6 12. Nc3 Rad8 13. Re1 Qg6 14. Kh1 Bf6
15. Be3 Na5 16. Rc1 Nxb3 17. Qxb3 Qh5 18. Qd1 c6 19. Ne5 Qxd1 20. Rcxd1 Nd5 21.
Nxd5 Rxd5 22. Rd2 Bd8 23. b4 Be7 24. a3 a5 25. Nd3 Bxd3 26. Rxd3 axb4 27. axb4
Ra8 28. Rb1 f5 29. g4 Kf7 30. Kg2 Ra4 31. Rdb3 fxg4 32. hxg4 Rb5 33. Bd2 Bf6
34. Bc3 Ke6 35. Kf3 Kd5 36. Ke3 Kc4 37. Ke4 c5 38. g5 Bxd4 39. Bxd4 cxd4 40. f4
Ra2 41. Rh3 Re2+ 42. Kf3 Re3+ 43. Kg4 Rxh3 44. Kxh3 d3 45. Kg3 d2 46. Kf3 Rxb4
47. Rh1 Kd3 48. f5 Re4 49. Ra1 Re1 50. Ra3+ Kc4 51. Ra4+ Kd5 0-1

[Event "33. Seebach-Open"]
[Site "Grossenseebach"]
[Date "2024.05.31"]
[Round "3.23"]
[White "Bunk, Karsten"]
[Black "Beimler, Christian"]
[Result "0-1"]
[WhiteElo "1972"]
[BlackElo "1696"]
[PlyCount "98"]
[EventDate "2024.??.??"]
[WhiteTeam "SC Schwarz-Weiß Nürnberg Süd e.V"]
[BlackTeam "SV Ilmmünster"]

1. c4 f5 2. g3 Nf6 3. Bg2 g6 4. Nc3 Bg7 5. d3 d6 6. e4 fxe4 7. dxe4 e5 8. Nge2
O-O 9. O-O Be6 10. b3 Qd7 11. Nd5 Bh3 12. f3 Bxg2 13. Kxg2 Na6 14. Be3 Rf7 15.
Qd2 Raf8 16. Rad1 h5 17. c5 Ne8 18. cxd6 Qxd6 19. Qa5 c6 20. Ndc3 Qb4 21. Qxb4
Nxb4 22. Bc5 Nc2 23. Rd2 b6 24. Rxc2 bxc5 25. Na4 c4 26. Rxc4 Rd7 27. Rxc6 Rd2
28. Nac3 Nf6 29. Rd1 Rc2 30. Rdd6 Rf7 31. Kh3 Kh7 32. b4 g5 33. b5 g4+ 34. fxg4
hxg4+ 35. Kh4 Kg6 36. Rxf6+ Rxf6 37. Kxg4 Bh6 38. h4 Bd2 39. h5+ Kg7 40. Rxf6
Kxf6 41. Nd5+ Ke6 42. a4 Rc4 43. Kf3 Rxa4 44. b6 Ra3+ 45. Kf2 a5 46. g4 Rb3 47.
Nec3 Bxc3 48. Nxc3 Rxc3 49. h6 Kf6 0-1

[Event "33. Seebach-Open"]
[Site "Grossenseebach"]
[Date "2024.05.31"]
[Round "3.24"]
[White "Schaefer, Ann-Kathrin"]
[Black "Leis, Stefan"]
[Result "0-1"]
[WhiteElo "1744"]
[BlackElo "1972"]
[PlyCount "50"]
[EventDate "2024.??.??"]
[WhiteTeam "SC JÄKLECHEMIE Talente Franken e"]
[BlackTeam "SC Mühlhof-Reichelsdorf e.V."]

1. d4 Nf6 2. Nf3 d5 3. e3 c5 4. b3 Nc6 5. Bb2 Bg4 6. Nbd2 e6 7. h3 Bh5 8. g4
Bg6 9. Nh4 cxd4 10. exd4 Bd6 11. Nxg6 hxg6 12. Be2 Qb6 13. g5 Nh5 14. Bxh5 Rxh5
15. Nf3 Bf4 16. h4 Qa5+ 17. c3 O-O-O 18. b4 Nxb4 19. O-O Nc6 20. Qb3 Qc7 21.
Ba3 e5 22. Bc1 e4 23. Bxf4 Qxf4 24. Rab1 Rd7 25. Qa3 exf3 0-1

[Event "33. Seebach-Open"]
[Site "Grossenseebach"]
[Date "2024.05.31"]
[Round "3.25"]
[White "Schwarzmann, Tobias"]
[Black "Cufi, Astrit"]
[Result "1-0"]
[WhiteElo "1953"]
[BlackElo "1676"]
[PlyCount "71"]
[EventDate "2024.??.??"]
[WhiteTeam "SC Höchstadt/Aisch"]
[BlackTeam "BSG Wöhrlhaus Erlangen"]

1. e4 e5 2. Nf3 Nc6 3. Bb5 a6 4. Ba4 Nf6 5. O-O b5 6. Bb3 d6 7. d3 Na5 8. Bg5
Nxb3 9. axb3 Be7 10. h3 h6 11. Bd2 O-O 12. Nc3 Be6 13. Re1 c5 14. Qe2 Re8 15.
Nd1 Qc7 16. Ne3 a5 17. Nh2 a4 18. bxa4 Rxa4 19. Rxa4 bxa4 20. Ra1 Ra8 21. Bc3
Qd7 22. Nhf1 Bd8 23. Nd2 g6 24. Ndc4 Bxc4 25. Nxc4 Rb8 26. Qe3 Kg7 27. f4 exf4
28. Qxf4 Be7 29. Rf1 Qe6 30. Ne3 g5 31. Nf5+ Kf8 32. Qf3 Ng8 33. Qh5 Bf6 34.
Nxh6 Ke7 35. Nxg8+ Rxg8 36. Bxf6+ 1-0

[Event "33. Seebach-Open"]
[Site "Grossenseebach"]
[Date "2024.05.31"]
[Round "3.26"]
[White "Ruderer, Alexander"]
[Black "Schraegle, Thorsten"]
[Result "1/2-1/2"]
[WhiteElo "1740"]
[BlackElo "1950"]
[PlyCount "60"]
[EventDate "2024.??.??"]
[WhiteTeam "SC Heideck-Hilpoltstein"]
[BlackTeam "SG Donautal Tuttlingen"]

1. d4 d5 2. Nf3 Nf6 3. c3 e6 4. Bf4 Bd6 5. Bg3 O-O 6. Nbd2 c5 7. e3 cxd4 8.
exd4 Nc6 9. Bd3 Qc7 10. Bh4 e5 11. dxe5 Nxe5 12. Nxe5 Bxe5 13. Qc2 Re8 14.
O-O-O h6 15. f4 Bxf4 16. Bxf6 gxf6 17. Kb1 Bxd2 18. Rxd2 Kg7 19. Qa4 Re5 20.
Rf2 Qe7 21. Qf4 Re1+ 22. Rxe1 Qxe1+ 23. Kc2 Qe5 24. Qh4 Qg5 25. Qd4 Qe5 26. Qh4
Qg5 27. Qd4 Be6 28. Kb1 Qe5 29. Qh4 Qg5 30. Qd4 Qe5 1/2-1/2

[Event "33. Seebach-Open"]
[Site "Grossenseebach"]
[Date "2024.05.31"]
[Round "3.27"]
[White "Akhramsyah Muammar Ubaidah, Aqil"]
[Black "Vinogradov, Anatoli"]
[Result "1-0"]
[WhiteElo "1949"]
[BlackElo "1639"]
[PlyCount "53"]
[EventDate "2024.??.??"]
[WhiteTeam "SF Brand 1981 e. V."]
[BlackTeam "SF Haselmühl/Amberg"]

1. c4 e5 2. g3 Nf6 3. Bg2 Nc6 4. Nc3 Bb4 5. Nf3 d6 6. O-O Be6 7. d3 O-O 8. Qc2
Rb8 9. a3 Bxc3 10. Qxc3 e4 11. Ng5 exd3 12. Nxe6 fxe6 13. Qxd3 e5 14. b4 Nd4
15. Bb2 Ne6 16. c5 dxc5 17. Qc4 Qe7 18. bxc5 Kh8 19. c6 b5 20. Qb4 Qc5 21. Qxc5
Nxc5 22. Bxe5 Rf7 23. Rab1 a5 24. Rfd1 b4 25. Bxf6 Rxf6 26. axb4 axb4 27. Rxb4
1-0

[Event "33. Seebach-Open"]
[Site "Grossenseebach"]
[Date "2024.05.31"]
[Round "3.29"]
[White "Schuetze, Benjamin"]
[Black "Kassner, Sascha"]
[Result "0-1"]
[WhiteElo "1685"]
[BlackElo "1937"]
[PlyCount "83"]
[EventDate "2024.??.??"]
[WhiteTeam "FSV Großenseebach"]
[BlackTeam "SF Rosenheim e.V."]

1. e4 g6 2. Nf3 Bg7 3. d4 d6 4. Bc4 e6 5. Be3 a6 6. c3 b6 7. O-O Ne7 8. Nbd2
O-O 9. a4 h6 10. Re1 Kh7 11. Bd3 f5 12. Nf1 Bb7 13. Qc2 Nd7 14. Bc1 e5 15. dxe5
Nxe5 16. Nxe5 dxe5 17. f4 Qd6 18. Ne3 Rad8 19. Rd1 exf4 20. Bxa6 Qc6 21. Bxb7
Qxb7 22. Nd5 Nxd5 23. exd5 f3 24. c4 c6 25. Ra3 cxd5 26. Rxf3 dxc4 27. Rxd8
Rxd8 28. Qxc4 Rc8 29. Qf4 Qe4 30. Be3 Qb1+ 31. Rf1 Qxb2 32. Rf2 Qb3 33. h4 Rc4
34. Qg3 Rxa4 35. Rf3 Ra1+ 36. Kh2 Qd1 37. Qf2 Qh1+ 38. Kg3 Bf6 39. Rf4 Be5 40.
Qd2 Bxf4+ 41. Bxf4 Qe1+ 42. Kf3 0-1

[Event "33. Seebach-Open"]
[Site "Grossenseebach"]
[Date "2024.05.31"]
[Round "3.30"]
[White "Heimann, Jonas"]
[Black "Koenig, Oliver"]
[Result "0-1"]
[WhiteElo "1598"]
[BlackElo "1935"]
[PlyCount "32"]
[EventDate "2024.??.??"]
[WhiteTeam "SC Forchheim e.V."]
[BlackTeam "SGem 1882 Fürth"]

1. e4 Nc6 2. d4 e5 3. d5 Nce7 4. Nf3 Ng6 5. c4 Nf6 6. Bd3 Bc5 7. Nc3 O-O 8. O-O
a5 9. b3 d6 10. Bb2 Nf4 11. Ne2 N6h5 12. Ng3 Bg4 13. Nxh5 Bxh5 14. Be2 f5 15.
Qc2 fxe4 16. Qxe4 Bg6 0-1

[Event "33. Seebach-Open"]
[Site "Grossenseebach"]
[Date "2024.05.31"]
[Round "3.31"]
[White "Rosin, Ralf"]
[Black "Kuhlemann, Claus"]
[Result "1-0"]
[WhiteElo "1915"]
[BlackElo "1632"]
[PlyCount "49"]
[EventDate "2024.??.??"]
[WhiteTeam "FSV Großenseebach"]
[BlackTeam "SV Memmelsdorf"]

1. d4 b6 2. Nf3 Bb7 3. g3 e6 4. Bg2 Nf6 5. O-O Be7 6. c4 O-O 7. Nc3 d5 8. b3
dxc4 9. bxc4 c5 10. e3 cxd4 11. exd4 Ne4 12. Qc2 Nxc3 13. Qxc3 Nd7 14. Bb2 Nf6
15. Rac1 Rc8 16. Rfd1 Ba6 17. Qb3 Qc7 18. Ne5 Bb7 19. d5 exd5 20. cxd5 Qd6 21.
Nc4 Qb4 22. d6 Qxb3 23. axb3 Bxg2 24. dxe7 Rfe8 25. Nd6 1-0

[Event "33. Seebach-Open"]
[Site "Grossenseebach"]
[Date "2024.05.31"]
[Round "3.32"]
[White "Savchuk, Alexander"]
[Black "Frysztacki, Marco"]
[Result "1/2-1/2"]
[WhiteElo "1896"]
[BlackElo "1605"]
[PlyCount "65"]
[EventDate "2024.??.??"]
[WhiteTeam "SC Uttenreuth e.V."]
[BlackTeam "SV Lauf a.d.P."]

1. e4 e5 2. Nf3 Nf6 3. Nxe5 d6 4. Nf3 Nxe4 5. Qe2 Qe7 6. d3 Nf6 7. Qxe7+ Bxe7
8. Nc3 Bd7 9. Bg5 h6 10. Bd2 a6 11. Be2 Nc6 12. h3 d5 13. Bf4 d4 14. Ne4 Nd5
15. Bh2 O-O 16. O-O-O f5 17. Ned2 Rae8 18. Rde1 Bb4 19. a3 Ba5 20. Bd1 b5 21.
Rxe8 Rxe8 22. Nb3 Bb6 23. Kd2 Kf7 24. Be2 Bc8 25. Ra1 a5 26. a4 b4 27. Ke1 f4
28. Nfd2 Bf5 29. Kf1 Ne5 30. Ne4 g5 31. Nbd2 Nf6 32. Nxf6 Kxf6 33. Nf3 1/2-1/2

[Event "33. Seebach-Open"]
[Site "Grossenseebach"]
[Date "2024.05.31"]
[Round "3.33"]
[White "Khachatryan, Avetis"]
[Black "Korn, Lukas Alexander"]
[Result "0-1"]
[WhiteElo "1523"]
[BlackElo "1883"]
[PlyCount "90"]
[EventDate "2024.??.??"]
[WhiteTeam "SGem Eckental"]
[BlackTeam "FSV Großenseebach"]

1. e4 e5 2. Nf3 Nc6 3. Bc4 Bc5 4. c3 Nf6 5. d3 a6 6. a3 Ba7 7. O-O O-O 8. h3 d6
9. Re1 Ne7 10. Nbd2 Ng6 11. Nf1 b5 12. Bb3 c5 13. Ng3 Be6 14. Bc2 h6 15. d4 Qc7
16. d5 Bc8 17. Nh2 c4 18. Nh5 Qe7 19. Nxf6+ Qxf6 20. Be3 Nf4 21. Bxa7 Rxa7 22.
Re3 g5 23. Ng4 Qg7 24. Rg3 f6 25. h4 Ng6 26. hxg5 fxg5 27. Rf3 Rxf3 28. Qxf3
Rf7 29. Qe2 Nf4 30. Qd1 Bxg4 31. Qxg4 Qf6 32. Qf5 Qd8 33. Qg4 h5 34. Qd1 Qb6
35. Qd2 h4 36. Qe3 Qxe3 37. fxe3 Ne2+ 38. Kh2 Rf2 39. Kh3 Nxc3 40. bxc3 Rxc2
41. Rf1 Kg7 42. Rf5 Kg6 43. Rf8 Rxc3 44. Kg4 Rxe3 45. Rd8 Rg3# 0-1

[Event "33. Seebach-Open"]
[Site "Grossenseebach"]
[Date "2024.05.31"]
[Round "3.34"]
[White "Steiner, Tizian"]
[Black "Schuetz, Robert"]
[Result "1-0"]
[WhiteElo "1875"]
[BlackElo "1592"]
[PlyCount "61"]
[EventDate "2024.??.??"]
[WhiteTeam "SC 1868 Bamberg"]
[BlackTeam "TSV Kirchehrenbach"]

1. e4 e6 2. f4 d5 3. Nc3 c5 4. Nf3 d4 5. Ne2 Nc6 6. d3 Nf6 7. h3 Be7 8. g4 Qc7
9. Bg2 b6 10. O-O Bb7 11. c3 dxc3 12. bxc3 Rd8 13. Qc2 h6 14. Bb2 O-O 15. d4 c4
16. Ne5 b5 17. Ng3 a6 18. Qf2 Qb6 19. Nf3 Na5 20. Rae1 Qc7 21. g5 hxg5 22. Nxg5
Nc6 23. e5 Nd5 24. N3e4 Bxg5 25. Nxg5 Rfe8 26. Qh4 Kf8 27. Nh7+ Kg8 28. f5 exf5
29. Rxf5 Qe7 30. Ng5 Qd7 31. Qh7+ 1-0